Diseño de la estructura organizacional en las empresas : Calidad Confeccionada y Mercado Méndez, como participación en el agrupamiento empresarial para el sector del vestido /

Enregistré dans:
Détails bibliographiques
Auteur principal: Fernández Aguilera, Alexandra (autor)
Autres auteurs: Ruiz Salcedo, Alejandra Elizabeth (autor) (autor)
Format: Thèse Livre
Langue:espagnol
Sujets:
Tags: Ajouter un tag
Pas de tags, Soyez le premier à ajouter un tag!

MARC

LEADER 00000nam^a2200000^a^4500
001 000111139
005 20250521000000.0
009 20260310093822.471
037 |a Acervo ITESO - Biblioteca 
041 |a ESP 
090 |a LAE. 464 
100 |a Fernández Aguilera, Alexandra  |e (autor) 
245 1 0 |a Diseño de la estructura organizacional en las empresas :  |b Calidad Confeccionada y Mercado Méndez, como participación en el agrupamiento empresarial para el sector del vestido /  |c A. Fernández Aguilera, A.E. Ruiz Salcedo. 
264 |a Guadalajara, México :  |b edición de autor,  |c 2000 
300 |a 93 p. 
336 |a texto  |b txt  |2 rdacontenido 
337 |a sin mediación  |b n  |2 rdamedio 
338 |a volumen  |b nc  |2 rdasoporte 
502 |a ITESO Reporte de Servicio Social de Licenciatura en Administración de Empresas 
649 |a XX 
650 |a Industria del Vestido -  |z Guadalajara, Jalisco 
650 |a Industria del Vestido -  |z México 
650 |a Organización Administrativa 
650 |a Proceso Administrativo 
650 |a Ciencias Administrativas 
700 |a Ruiz Salcedo, Alejandra Elizabeth  |e (autor) 
910 |a Fondo General 
920 |a Impresos - Tesis del ITESO 
930 |a Colección General 
905 |a 104 
901 |a 0500047541  |b IT2  |c TSS  |u 20250521 
902 |a https://opac.biblio.iteso.mx/vufind/Record/000111139